| 000 | 00750cam a22002413a 4500 | ||
|---|---|---|---|
| 001 | 23395 | ||
| 003 | PGUSA | ||
| 005 | 20140828083511.0 | ||
| 008 | 071107s2007||||xxu|||||s|||||000 | eng d | ||
| 040 |
_aPGUSA _beng |
||
| 042 | _adc | ||
| 050 | 4 | _aPE | |
| 100 | 1 |
_aCavins, Elmer W. _q(Elmer Warren), _d1864- |
|
| 245 | 1 | 0 |
_aOrthography : _bAs Outlined in the State Course of Study for Illinois _h[electronic resource] / _cElmer W. Cavins |
| 260 |
_bProject Gutenberg, _c2007 |
||
| 506 | _aPublic domain in the USA. | ||
| 516 | _aElectronic text | ||
| 653 | _aEnglish language -- Etymology | ||
| 700 | 1 |
_aHewett, Edwin C. _q(Edwin Crawford) |
|
| 830 | 0 |
_aProject Gutenberg _v23395 |
|
| 856 | 4 | 0 | _uhttp://www.gutenberg.org/ebooks/23395 |
| 942 | _cEB | ||
| 999 |
_c252650 _d252650 |
||